Statystyki dla Najpopularniejsi raperzy w tym tygodniu . 13-19.11

Kliknij tutaj aby rozwiązać quiz!

Ogólne statystyki

  • Ten quiz został rozwiązany 30 razy
  • Średni wynik to 7 z 15

Statystyki odpowiedzi

WyświetleniaArtysta% Poprawnych
5.26MGuzior
76%
5.22MBedoes
72%
2.74MBiałas
68%
4.69MSzpaku
68%
2.93MTaco Hemingway
60%
3.46MŻabson
60%
5.08MKabe
52%
3.58MPaluch
48%
3.93MTymek
44%
4.18MKizo
40%
2.64MWhite 2115
40%
3.88MSobel
36%
2.86MPezet
28%
3.42MKali
16%
3.49MMajor SPZ
4%

Rozkład punktacji

Percentyl według liczby udzielonych odpowiedzi

Procent ludzi z każdym wynikiem

Twoja historia wyników

Nie rozwiązałeś tego quizu